| 000 | 01201nam a22002177a 4500 | ||
|---|---|---|---|
| 999 |
_c11019 _d11019 |
||
| 003 | AR-CdUCM | ||
| 008 | 190402b ||||| |||| 00| 0 spa d | ||
| 040 |
_aMUNICIPALIDAD PROVINCIAL DEL CUSCO _cBIBLIOTECA MUNICIPAL DEL CUSCO |
||
| 082 |
_a346.468 / _bM88 / 1948 |
||
| 100 |
_aMouchet, Carlos _928128 |
||
| 245 | _aDerechos intelectuales sobre las obras literarias y artísticas / | ||
| 260 |
_aBuenos Aires : _bGuillermo Kraft, _c1948. |
||
| 300 |
_a480 páginas ; _c23 cm. |
||
| 505 | _aContenido: t.1 : La tutela jurídica del trabajo intelectual -- Los derechos intelectuales en la legislación Argentina -- Los estudios argentinos sobre derechos intelectuales -- t.2 : El derecho moral -- El derecho pecuniario -- Limitaciones al ejercicio de los derechos intelectuales -- Protección penal.-- t.3 : La obra cinematográfica -- Problemas jurídicos que plantea la protección a la obra cinematografica -- Los derechos de los interpretes -- Especies de interpretes -- Legislación Argentina... | ||
| 650 |
_aDerecho de autor _928129 |
||
| 650 |
_aLegislación _92962 |
||
| 650 |
_aDerechos de autor _928130 |
||
| 700 |
_aRadaelli, Sigfrido A. _928131 |
||
| 942 |
_2ddc _cLIBROS |
||
| 945 | _arah | ||